| 000 | 01844nam a22002177a 4500 | ||
|---|---|---|---|
| 003 | TH-BaNU | ||
| 005 | 20230404113224.0 | ||
| 008 | 230404b2022 TH ||||| |||| 00| 0 tha d | ||
| 020 | _a9786162401121 | ||
| 040 | _aTH-BaNU | ||
| 100 | _aกานจ์แก้ว | ||
| 245 | _aข้ามภพรักฟาโรห์ | ||
| 260 |
_aกรุงเทพฯ: _bกรีนมายด์: _c2565 |
||
| 300 | _a200 หน้า | ||
| 520 | _a"อรสา" สาวมั่นและทันสมัยและ "กาญวดี" สาวน้อยสดใสร่าเริง ทั้งคู่ถูกลิขิตแห่งเทพให้ต้องจากยุคปัจจุบันไปสู่ยุคอียิปต์โบราณและได้พบรักกับฟาโรห์หนุ่มรูปงามแต่เส้นทางความรักของสองสาว ก็ไม่ได้ราบรื่นอย่างที่คิดเมื่อต้องไปเจอกับอุปสรรคชิ้นโต ความรัก ความแค้นและการแย่งชิง กำลังจะเริ่มขึ้นความรักต่างภพจะเป็นไปได้หรือไม่? แล้วใครจะช่วยให้หญิงสาวทั้งสองผ่านพ้นอุปสรรคไปได้ มาร่วมย้อนอดีตไปพร้อมกันได้ที่นี่ "ข้ามภพรักฟาโรห์" | ||
| 650 | _aวรรณกรรม | ||
| 850 | _aKCNL | ||
| 856 |
_uhttps://se-ed.belibcloud.com/book-detail/18306 _yse-ed e-library |
||
| 942 |
_2local _cEBK |
||
| 998 | _cbee | ||
| 999 |
_c37626 _d37626 |
||